Logo BPK

Biblioteka

Politechniki Koszalińskiej

Okolice Krakowa i Tatry [Dokument elektroniczny] : (Rekord nr 24075)

Szczegóły MARC
000 -ETYKIETA REKORDU
podpole kontrolne o stałej długości 00990nem a2200277 i 4500
001 - NUMER KONTROLNY REKORDU
pole kontrolne bg
040 ## - ŹRÓDŁO KATALOGOWANIA
Instytucja, która utworzyła rekord BPK
041 0# - KOD JĘZYKA
Kod języka tekstu pol
080 ## - UNIWERSALNA KLASYFIKACJA DZIESIĘTNA - UKD
UKD 912:379.85+656.13(438)A/Z
008 - POLE O STAŁEJ DŁUGOŚCI - DANE KONTROLNE
podpole kontrolne o stałej długości s pl f |000 0 pol
245 00 - TYTUŁ/ODPOWIEDZIALNOŚĆ
Tytuł Okolice Krakowa i Tatry [Dokument elektroniczny] :
Ciąg dalszy tytułu atlas turystyczno-drogowy /
Pozostałe elementy strefy tytułu i oznaczenia odpowiedzialności oprac. wydawca.
246 1# - WARIANT TYTUŁU
Tytuł Atlas okolic Krakowa i Tatr
254 ## - STREFA POSTACI ZAPISU MUZYCZNEGO
Określenie postaci zapisu muzycznego Dane kartograficzne
255 ## - STREFA DANYCH MATEMATYCZNYCH
Oznaczenie skali 1:20 000
260 ## - STREFA ADRESU WYDAWNICZEGO
Miejsce wydania Katowice :
Nazwa wydawcy/dystrybutora Wydaw. Kartograficzne "Mapy Ścienne" Beata Piętka,
Data publikacji, dystrybucji/powstania dokumentu [2005].
300 ## - STREFA OPISU FIZYCZNEGO
Objętość 1 dysk optyczny (CD ROM) :
Inne cechy fizyczne kolor. ;
Rozmiary 12 cm.
500 ## - UWAGI OGÓLNE
Tekst uwagi Tyt. z ekranu tytułowgo.
500 ## - UWAGI OGÓLNE
Tekst uwagi Tyt. z etykiety dysku: Atlas okolic Krakowa i Tatr.
500 ## - UWAGI OGÓLNE
Tekst uwagi Wymagania systemowe: IBM PC; Windows 98 lub nowsze; karta graficzna 800x600 Hicolor; czytnik CD-ROM.
651 #9 - HASŁO PRZEDMIOTOWE W FORMIE NAZWY GEOGRAFICZNEJ
Nazwa geograficzna Kraków (woj. małopolskie)
651 #9 - HASŁO PRZEDMIOTOWE W FORMIE NAZWY GEOGRAFICZNEJ
Nazwa geograficzna Małopolskie, województwo
651 #9 - HASŁO PRZEDMIOTOWE W FORMIE NAZWY GEOGRAFICZNEJ
Nazwa geograficzna Tatry
655 ## - TERMIN INDEKSOWY - OKREŚLENIE RODZAJU/FORMY DOKUMENTU
Określenie rodzaju/formy dokumentu Mapy
655 ## - TERMIN INDEKSOWY - OKREŚLENIE RODZAJU/FORMY DOKUMENTU
Określenie rodzaju/formy dokumentu Dokumenty elektroniczne
856 ## - LOKALIZACJA I DOSTĘP DO ELEKTRONICZNYCH DOKUMENTÓW ZDALNYCH
Link (URL) http://koha.tu.koszalin.pl/cgi-bin/koha/opac-detail.pl?biblionumber=24075
Tekst linku Katalog online BPK
942 ## - DODATKOWE ELEMENTY (KOHA)
Typ dokumentu Płyta CD
Egzemplarze
Wycofany Status egzemplarza Uszkodzony Dostępność Lokalizacja stała Lokalizacja bieżąca Miejsce przechowywania Sygnatura Kod kreskowy Dział Typ dokumentu
      Tylko na miejscu Biblioteka Politechniki Koszalińskiej Biblioteka Politechniki Koszalińskiej Czytelnia BG CD 1329 02206004 0/9(0.034.2) Dokumenty elektroniczne Płyta CD
© 2023 Biblioteka Politechniki Koszalińskiej :: KOHA